000 00340nam a22001457a 4500
008 230419b ||||| |||| 00| 0 eng d
020 _a9781891792519
041 _aeng
080 _a030
082 _a030SAD
100 _a24
101 _aEDU
245 _aTEACHING INNIGRANT AND SECOND LANGUAGE STUDENTS
_cSADOWSKI.M
942 _2udc
_cBK
999 _c59616
_d59616